Music Quiz

Random Music or Billboard Quiz

Modern Rock Hits (2000s) Quiz Stats

 Plays Quiz Updated May 8, 2013

Challenge
Share
Tweet
Embed
Score 0/61 Timer 10:00
0 Plays Today
#1 hits Artist/Group % Correct
Minority, American Idiot, Boulevard of Broken Dreams, Holiday, Know Your EnemyGreen Day
95.3%
Otherside, Californication, By the Way, Can't Stop, Dani California, Tell Me Baby, Snow (Hey Oh)Red Hot Chili Peppers
92.9%
All the Small Things, I Miss Youblink-182
87.6%
Viva la VidaColdplay
80.6%
In the End, Somewhere I Belong, Faint, Numb, Lying From You, Breaking the Habit, What I've Done, New DivideLinkin Park
78.7%
Seven Nation Army, Icky ThumpThe White Stripes
78.3%
How You Remind MeNickelback
73.1%
Sex on Fire, Use Somebody, NotionKings of Leon
71.4%
All My Life, Best of You, D.O.A., The Pretender, Long Road to Ruin, Let it DieFoo Fighters
70.2%
Beverly Hills, Perfect Situation, Pork and BeansWeezer
70%
Kryptonite3 Doors Down
69.3%
Feel Good Inc.Gorillaz
68.8%
Smooth CriminalAlien Ant Farm
63.4%
Last ResortPapa Roach
60.5%
Bring Me to LifeEvanescence
59.8%
VertigoU2
58.5%
Fat LipSUM 41
58.3%
Welcome to the Black ParadeMy Chemical Romance
57.2%
When You Were YoungThe Killers
57.1%
The Middle, PainJimmy Eat World
55.9%
The ReasonHoobastank
49.4%
Float OnModest Mouse
48.6%
Hanging by a MomentLifehouse
43.8%
UprisingMuse
43.6%
Drive, Megalomaniac, Anna-Molly, Love HurtsIncubus
43.5%
Hit That, You're Gonna Go Far KidThe Offspring
43%
Miss MurderAFI
42%
It's Been Awhile, So Far Away, BelieveStaind
39.7%
Aerials, HypnotizeSystem of a Down
38.8%
Youth of the NationP.O.D.
36.9%
Blurry, PsychoPuddle of Mudd
36.1%
#1 hits Artist/Group % Correct
ParalyzerFinger Eleven
36%
No One KnowsQueens of the Stone Age
35.5%
The Hand That Feeds, Only, Everyday is Exactly the Same, SurvivalismNine Inch Nails
33.7%
Cold Hard BitchJet
33.6%
Just Like You, Animal I Have Become, PainThree Days Grace
33.3%
HeadstrongTrapt
33.3%
Like a Stone, Be YourselfAudioslave
31.9%
Hemorrhage (In My Hands)Fuel
30%
Steady as She GoesThe Raconteurs
29%
Fake It, Rise Above ThisSeether
28.3%
ButterflyCrazy Town
26.6%
You Know You're RightNirvana
26.3%
Ch-Check It OutBeastie Boys
25.9%
E-ProBeck
22.6%
SlitherVelvet Revolver
21.1%
Second ChanceShinedown
20.3%
From Yesterday30 Seconds to Mars
20.1%
Send the Pain BelowChevelle
19.8%
World Wide Suicide, BrotherPearl Jam
19.4%
Last Train HomeLostprophets
18%
HeroChad Kroeger featuring Josey Scott
14.6%
Lovesong311
13.5%
Check My BrainAlice in Chains
13.3%
Feel Good DragAnberlin
12.8%
Panic SwitchSilversun Pickups
12.5%
AlwaysSaliva
11%
Weak and PowerlessA Perfect Circle
7.8%
Just BecauseJane's Addiction
7.2%
Wasteland10 Years
7%
Seein' RedUnwritten Law
6.4%

You're not logged in!

Compare scores with friends on all Sporcle quizzes.
OR
Log In

You Might Also Like...

Show Comments

Extras

Top Quizzes Today


Score Distribution

Your Account Isn't Verified!

In order to create a playlist on Sporcle, you need to verify the email address you used during registration. Go to your Sporcle Settings to finish the process.

Report this User

Report this user for behavior that violates our Community Guidelines.

Details: